000 00485nam a2200145 a 4500
008 120416s1974 ||||||||||||||||| || u
050 _aTH 9 Sco
100 _aScott, John S
245 1 4 _aThe Penguin dictionary of building. (2nd ed.)
250 _a2nd ed.
260 _aHarmondsworth, Eng.
_bPenguin
_c1974
300 _a392p. : ill.
350 _a0.00
995 _D0.00
_FCBU-MAIN LIBRARY (Kitwe)
_H1
_I0.00
_M1
_UREFERENCE
_ZReference Collection
999 _c53269
_d53269